000 00679cam a22002171 4500
001 sa 68019880
003 DLC
005 20260227112720.0
008 780309s1968 io a 000 0 ind
010 _asa 68019880
025 _aPL480:Indo-8628
040 _aDLC
_cDLC
_dDLC
043 _aa-io---
050 0 0 _aDS644.4
_b.S89 1968
110 1 _aSumatera Barat, Indonesia.
_bJawatan Penerangan.
245 1 0 _aReportage kundjungan Presiden R.I. Djenderal Soeharto di Sumatera Barat,
_btgl. 28 s/d 30 Agustus 1968.
260 _a[Padang]
_c1968.
300 _a18 l.
_billus.
_c33 cm.
500 _a"P.C. 12/VIII/68."
651 0 _aIndonesia
_xPolitics and government
_y1966-1998.
999 _c89125
_d89125